El impacto de las revistas de comunicación : comparando Google Scholar Metrics, Web of Science y Scopus (Record no. 169099)

MARC details
000 -CABECERA
campo de control de longitud fija 00926nab a2200265 a 4500
005 - FECHA Y HORA DE LA ÚLTIMA TRANSACCIÓN
campo de control 20210219162048.0
008 - ELEMENTOS DE LONGITUD FIJA--INFORMACIÓN GENERAL
campo de control de longitud fija 991125s1985 mx 000 0 spa u
035 ## - NÚMERO DE CONTROL DEL SISTEMA
Número de control de sistema UPN01000196998
049 ## - COLECCIÓN
Colección art
100 1# - ASIENTO PRINCIPAL--NOMBRE PERSONAL
Nombre de persona Delgado López-Cózar, Emilio
100 1# - ASIENTO PRINCIPAL--NOMBRE PERSONAL
Filiación edelgado@ugr.es
222 ## - TÍTULO CLAVE
Título clave COMUNICAR :
Información calificativa REVISTA CIENTIFICA IBEROAMERICANA DE COMUNICACION Y EDUCACION
245 ## - MENCIÓN DE TÍTULO
Título El impacto de las revistas de comunicación : comparando Google Scholar Metrics, Web of Science y Scopus
260 ## - PUBLICACIÓN, DISTRIBUCIÓN, ETC.
Lugar de publicación, distribución, etc. Huelva, España
300 ## - DESCRIPCIÓN FÍSICA
Extensión 45-52
362 0# - FECHAS DE PUBLICACIÓN Y/O DESIGNACIÓN SECUENCIAL
Fecha de publicación y/o designación secuencial 2013 2a época, vol. 21, no. 41, oct.
653 0# - TERMINO DE INDIZACION - NO CONTROLADO
Término no controlado BASES DE DATOS
653 0# - TERMINO DE INDIZACION - NO CONTROLADO
Término no controlado BIBLIOMETRIA
653 0# - TERMINO DE INDIZACION - NO CONTROLADO
Término no controlado COMUNICACION
653 0# - TERMINO DE INDIZACION - NO CONTROLADO
Término no controlado REVISTAS CIENTIFICAS
700 1# - ASIENTO SECUNDARIO--NOMBRE DE PERSONAL
Nombre de persona Repiso, Rafael,
Término indicativo de función/relación coaut.
700 1# - ASIENTO SECUNDARIO--NOMBRE DE PERSONAL
Filiación rafael.repiso@gmail.com
856 1# - LOCALIZACIÓN Y ACCESO ELECTRÓNICOS
Identificador Uniforme del Recurso <a href="http://www.revistacomunicar.com/index.php?contenido=detalles&numero=41&articulo=41-2013-04">http://www.revistacomunicar.com/index.php?contenido=detalles&numero=41&articulo=41-2013-04</a>
905 ## - TIPO DE MATERIAL
Tipo de material Articulo

No items available.